Holiday Quiz

Random Holiday or Halloween Quiz

Group Halloween Costumes Quiz Stats

 Plays Quiz not verified by Sporcle

Score 0/11 Timer 08:00
0 Plays Today
% Correct
Han Solo
96.2%
Superman
95.1%
Dorothy
94.8%
Singer
94%
Bread
93.1%
Farmer
91.5%
Scooby-Doo
91.3%
Ernie
89.3%
Doctor
86.7%
Pac Man
85%
Gilligan
82.1%

You're not logged in!

Compare scores with friends on all Sporcle quizzes.
OR
Log In

Show Comments

Extras

Top Quizzes Today


Score Distribution

Your Account Isn't Verified!

In order to create a playlist on Sporcle, you need to verify the email address you used during registration. Go to your Sporcle Settings to finish the process.

Report this User

Report this user for behavior that violates our Community Guidelines.

Details: